[Event "16. Copenhagen Open"]
[Site "Copenhagen"]
[Date "1994.??.??"]
[Round "3"]
[White "Hansen, Henrik Michael"]
[Black "Sobjerg, Erik"]
[Result "0-1"]
[WhiteElo "2060"]
[BlackElo "2265"]
[PlyCount "102"]
[EventDate "1994.??.??"]
[EventType "swiss"]
[EventRounds "10"]
[EventCountry "DEN"]
[SourceDate "2004.01.01"]

1. e4 e5 2. d4 exd4 3. c3 d5 4. exd5 Qxd5 5. cxd4 Nc6 6. Nf3 Bg4 7. Be2 Bb4+ 8.
Nc3 Bxf3 9. Bxf3 Qc4 10. Qb3 Qxb3 11. axb3 Nge7 12. O-O a6 13. Ra4 Bd6 14. Nb5
O-O-O 15. Nxd6+ Rxd6 16. Bf4 Rxd4 17. Be3 Rb4 18. Rxb4 Nxb4 19. Bd4 f6 20. Bc5
Nec6 21. Rd1 b6 22. Bg4+ Kb8 23. Be3 Rd8 24. Rxd8+ Nxd8 25. Bf5 g6 26. Bd7 Nd5
27. Bd2 c5 28. h4 Kc7 29. Bg4 Kd6 30. f4 f5 31. Be2 Ne6 32. Bxa6 Nexf4 33. g3
Ne6 34. Be2 Nd4 35. Bd1 Ke5 36. Kf2 Ke4 37. Bg5 Nb4 38. Be2 Nd3+ 39. Bxd3+ Kxd3
40. Bd8 b5 41. Be7 Nxb3 42. Kf3 Kc2 43. Kf4 Kxb2 44. Kg5 Nd2 45. Kh6 Ne4 46.
Kxh7 c4 47. Kxg6 c3 48. Bf8 c2 49. Bh6 Nxg3 50. h5 Nxh5 51. Kxh5 c1=Q 0-1

[Event "16. Copenhagen Open"]
[Site "Copenhagen"]
[Date "1994.??.??"]
[Round "3"]
[White "Hansen, Sune Berg"]
[Black "Maksimenko, Andrei"]
[Result "1/2-1/2"]
[WhiteElo "2415"]
[BlackElo "2475"]
[PlyCount "43"]
[EventDate "1994.??.??"]
[EventType "swiss"]
[EventRounds "10"]
[EventCountry "DEN"]
[SourceDate "2004.01.01"]

1. e4 c5 2. Nf3 d6 3. Bb5+ Nd7 4. O-O Ngf6 5. Re1 a6 6. Bf1 b6 7. c4 Bb7 8. Nc3
e6 9. d4 cxd4 10. Nxd4 Be7 11. b3 O-O 12. Bb2 Re8 13. Qf3 Bf8 14. Rad1 Qc7 15.
Qg3 Rad8 16. Bd3 Qb8 17. Bb1 Ba8 18. Qh4 Be7 19. Qh3 Bf8 20. Qh4 Be7 21. Qh3
Bf8 22. Qh4 1/2-1/2

[Event "16. Copenhagen Open"]
[Site "Copenhagen"]
[Date "1994.??.??"]
[Round "3"]
[White "Harestad, Hans"]
[Black "Sorensen, Henrik"]
[Result "1-0"]
[WhiteElo "1990"]
[BlackElo "2245"]
[PlyCount "105"]
[EventDate "1994.??.??"]
[EventType "swiss"]
[EventRounds "10"]
[EventCountry "DEN"]
[SourceDate "2004.01.01"]

1. d4 Nf6 2. c4 c5 3. d5 b5 4. cxb5 a6 5. bxa6 Bxa6 6. Nc3 d6 7. e4 Bxf1 8.
Kxf1 g6 9. g3 Bg7 10. Kg2 O-O 11. Bf4 Nbd7 12. h3 Rb8 13. Qe2 Nh5 14. Bg5 h6
15. Bc1 Re8 16. Nf3 e6 17. Qc2 Nb6 18. dxe6 Rxe6 19. b3 Nf6 20. Bb2 Qe7 21.
Rhe1 Re8 22. Rad1 Qb7 23. Re2 Nc8 24. Rde1 Na7 25. Qd3 Kh7 26. Qc4 Qc6 27. Nd5
Nd7 28. Bxg7 Kxg7 29. Nf4 R6e7 30. h4 Ne5 31. Nxe5 Rxe5 32. a4 Qb7 33. Nd5 Rb8
34. f4 Re6 35. Qc3+ Kg8 36. Nf6+ Kf8 37. Nd7+ Qxd7 38. Qh8+ Ke7 39. Qxb8 Nc6
40. Qb5 Qc7 41. e5 Nd4 42. exd6+ Qxd6 43. Rxe6+ fxe6 44. Qb7+ Kf6 45. Rd1 e5
46. fxe5+ Qxe5 47. Rf1+ Nf5 48. Qf3 h5 49. a5 Kg7 50. Kh2 Qd6 51. Rd1 Qe6 52.
Rd8 Qe7 53. a6 1-0

[Event "16. Copenhagen Open"]
[Site "Copenhagen"]
[Date "1994.??.??"]
[Round "3"]
[White "Holst, Allan"]
[Black "Christensen, Bo Garner"]
[Result "1-0"]
[WhiteElo "2340"]
[BlackElo "2225"]
[PlyCount "83"]
[EventDate "1994.??.??"]
[EventType "swiss"]
[EventRounds "10"]
[EventCountry "DEN"]
[SourceDate "2004.01.01"]

1. e4 c5 2. Nf3 d6 3. c3 Nf6 4. Be2 Nc6 5. d4 cxd4 6. cxd4 Nxe4 7. d5 Qa5+ 8.
Nc3 Nb8 9. O-O Nxc3 10. bxc3 Nd7 11. Re1 g6 12. Qd4 f6 13. Rb1 Kf7 14. Qh4 Rb8
15. Nd4 Qxc3 16. Bb2 Qa5 17. f4 Qxd5 18. Rbc1 Nb6 19. Rc7 Bd7 20. Bd1 Rc8 21.
Rxc8 Bxc8 22. Bb3 Nc4 23. f5 b5 24. Nxb5 Qc5+ 25. Bd4 Qxb5 26. Bxf6 d5 27. Bxh8
Kg8 28. fxg6 Qb6+ 29. Bd4 Qxg6 30. Bxa7 Nd2 31. Bxd5+ e6 32. Be4 Qg7 33. Bf2
Kh8 34. Ba8 Be7 35. Qd4 Qxd4 36. Bxd4+ Kg8 37. a4 Kf7 38. Bc6 Bb4 39. Re2 Ke7
40. Kf2 Nc4 41. Rc2 Ba6 42. Bb5 1-0

[Event "16. Copenhagen Open"]
[Site "Copenhagen"]
[Date "1994.??.??"]
[Round "3"]
[White "Holstein, Erik"]
[Black "Mortensen, Henrik"]
[Result "1/2-1/2"]
[WhiteElo "2130"]
[BlackElo "2150"]
[PlyCount "32"]
[EventDate "1994.??.??"]
[EventType "swiss"]
[EventRounds "10"]
[EventCountry "DEN"]
[SourceDate "2004.01.01"]

1. e4 c5 2. c3 e5 3. Nf3 Nc6 4. Bc4 Qc7 5. O-O Nf6 6. Ng5 Nd8 7. f4 exf4 8. e5
d5 9. exf6 dxc4 10. Re1+ Ne6 11. Qa4+ Qc6 12. fxg7 Bxg7 13. Qxc4 O-O 14. Nh3 f3
15. Qf1 fxg2 16. Qxg2 Qxg2+ 1/2-1/2

[Event "16. Copenhagen Open"]
[Site "Copenhagen"]
[Date "1994.??.??"]
[Round "3"]
[White "Hutters, Tomas"]
[Black "Stripunsky, Alexander"]
[Result "1/2-1/2"]
[WhiteElo "2420"]
[BlackElo "2510"]
[PlyCount "78"]
[EventDate "1994.??.??"]
[EventType "swiss"]
[EventRounds "10"]
[EventCountry "DEN"]
[SourceDate "2004.01.01"]

1. Nf3 d5 2. d4 c6 3. Bg5 Qb6 4. Qc1 Bg4 5. Nbd2 Nd7 6. e3 e6 7. Bd3 Ngf6 8.
O-O c5 9. c3 Bd6 10. h3 Bh5 11. Bf4 Bxf4 12. exf4 Bg6 13. Qc2 O-O 14. Rab1 Rac8
15. f5 exf5 16. dxc5 Nxc5 17. Bxf5 Rce8 18. Nd4 Nfe4 19. N2f3 Qf6 20. Bxg6 Qxg6
21. Rbd1 Re7 22. Nh4 Qa6 23. Nhf5 Re5 24. Ne3 Nf6 25. Nf3 Rh5 26. a3 Ne6 27.
Rfe1 Nf4 28. Nf5 Rd8 29. Ng3 Rh6 30. Qf5 Ne6 31. Ne5 Rf8 32. Qd3 Qxd3 33. Rxd3
g6 34. Ng4 Nxg4 35. hxg4 Nf4 36. Rd4 g5 37. Nf5 Re6 38. Ne3 f5 39. gxf5 Rxf5
1/2-1/2

[Event "16. Copenhagen Open"]
[Site "Copenhagen"]
[Date "1994.??.??"]
[Round "3"]
[White "Hyldkrog, Lars"]
[Black "Henrichsen, Jens"]
[Result "1/2-1/2"]
[WhiteElo "2090"]
[BlackElo "2150"]
[PlyCount "81"]
[EventDate "1994.??.??"]
[EventType "swiss"]
[EventRounds "10"]
[EventCountry "DEN"]
[SourceDate "2004.01.01"]

1. e4 Nf6 2. e5 Nd5 3. d4 d6 4. c4 Nb6 5. f4 g6 6. Nf3 Bg7 7. Bd3 O-O 8. Be3 a5
9. Nc3 Be6 10. Qe2 Na6 11. a3 c5 12. d5 Bg4 13. exd6 exd6 14. O-O Re8 15. Qd2
Bxf3 16. Rxf3 f5 17. Kh1 Nc7 18. Rg1 Qd7 19. h3 Re7 20. g4 fxg4 21. Rxg4 Rae8
22. f5 Rf8 23. Bh6 gxf5 24. Rg5 Kh8 25. Rgxf5 Rxf5 26. Rxf5 Qe8 27. Qf4 Re1+
28. Kg2 Qg6+ 29. Bg5 Qe8 30. Rf7 Nca8 31. Qf5 Qg8 32. Bf4 Bf6+ 33. Kf3 Qxf7 34.
Ne4 Rxe4 35. Bxe4 Nxc4 36. Ke2 Ne5 37. Kd2 Qg7 38. Qc8+ Qg8 39. Qxb7 Nb6 40.
Bxe5 Nc4+ 41. Kc2 1/2-1/2

[Event "16. Copenhagen Open"]
[Site "Copenhagen"]
[Date "1994.??.??"]
[Round "3"]
[White "Jensen, Find"]
[Black "Sylvan, Jacob"]
[Result "0-1"]
[WhiteElo "1970"]
[BlackElo "2185"]
[PlyCount "90"]
[EventDate "1994.??.??"]
[EventType "swiss"]
[EventRounds "10"]
[EventCountry "DEN"]
[SourceDate "2004.01.01"]

1. e4 e5 2. f4 Bc5 3. Nf3 d6 4. c3 Bg4 5. Bc4 Nc6 6. d4 exd4 7. O-O Bxf3 8.
Qxf3 Nge7 9. Qg3 g6 10. Kh1 Qd7 11. b4 Bb6 12. a4 a5 13. b5 Na7 14. Bb2 O-O-O
15. cxd4 d5 16. Bb3 dxe4 17. d5 Rhe8 18. Bf6 Kb8 19. Nc3 e3 20. Rfd1 Nac8 21.
d6 Nxd6 22. Nd5 Ne4 23. Qe1 Nf2+ 24. Kg1 e2 25. Nxb6 Qxd1 26. Bxd1 exd1=Q 27.
Kxf2 Qxe1+ 28. Rxe1 cxb6 29. Bxe7 Rd2+ 30. Kf3 Ka7 31. Re5 Rd7 32. Bf6 Rxe5 33.
Bxe5 f5 34. g4 Rd3+ 35. Ke2 Ra3 36. gxf5 gxf5 37. Kf2 Rxa4 38. Kg3 Rb4 39. Kh4
Rxb5 40. Kg5 a4 41. Kxf5 a3 42. Ke6 Rxe5+ 43. fxe5 a2 44. Kf7 a1=Q 45. e6 Qa2
0-1

[Event "16. Copenhagen Open"]
[Site "Copenhagen"]
[Date "1994.??.??"]
[Round "3"]
[White "Jensen, Henrik W"]
[Black "Grabow, Pouelsten Holm"]
[Result "1/2-1/2"]
[WhiteElo "2070"]
[BlackElo "2285"]
[PlyCount "49"]
[EventDate "1994.??.??"]
[EventType "swiss"]
[EventRounds "10"]
[EventCountry "DEN"]
[SourceDate "2004.01.01"]

1. e4 e6 2. d4 d5 3. e5 b6 4. Nf3 c5 5. c3 Qd7 6. a4 Ba6 7. Bxa6 Nxa6 8. O-O
Ne7 9. Na3 Nc6 10. Qe2 Nc7 11. Bd2 c4 12. b4 cxb3 13. Rfb1 Bxa3 14. Rxa3 Na5
15. Bc1 Qc6 16. Nd2 Nc4 17. Raxb3 Qxa4 18. Nxc4 Qxc4 19. Qg4 O-O 20. Bh6 Ne8
21. Bg5 Qc7 22. c4 f5 23. exf6 Nxf6 24. Qxe6+ Qf7 25. Qxf7+ 1/2-1/2

[Event "16. Copenhagen Open"]
[Site "Copenhagen"]
[Date "1994.??.??"]
[Round "3"]
[White "Kaspersen, Morten"]
[Black "Backlund, Anders"]
[Result "1-0"]
[WhiteElo "2220"]
[BlackElo "2130"]
[PlyCount "117"]
[EventDate "1994.??.??"]
[EventType "swiss"]
[EventRounds "10"]
[EventCountry "DEN"]
[SourceDate "2004.01.01"]

1. d4 Nf6 2. c4 g6 3. Nc3 Bg7 4. e4 d6 5. f3 O-O 6. Be3 e5 7. Nge2 c6 8. Qd2
Nbd7 9. O-O-O a6 10. Kb1 b5 11. Nc1 Bb7 12. Nb3 Re8 13. dxe5 dxe5 14. Be2 Qc7
15. Rc1 b4 16. Na4 Bf8 17. c5 a5 18. Rhd1 Be7 19. Bc4 Nf8 20. Qe2 Ra7 21. Rc2
Bc8 22. Rcd2 Ne6 23. g3 Kg7 24. Rd3 h5 25. Bc1 Rh8 26. h4 Re8 27. Be3 Bf8 28.
Qd2 Be7 29. Bh6+ Kg8 30. Be3 Kg7 31. Qf2 Bf8 32. R1d2 Be7 33. Qg1 Bf8 34. Qd1
Be7 35. Qh1 Bf8 36. Rd1 Be7 37. Qg2 Bf8 38. R3d2 Be7 39. Qf2 Bf8 40. Rc2 Be7
41. Bf1 Rd8 42. Rcc1 Rxd1 43. Rxd1 Ne8 44. Nd2 Nf8 45. Nc4 Be6 46. Nxe5 f5 47.
Bf4 Qb7 48. Nc4 b3 49. a3 fxe4 50. fxe4 Ra8 51. Nd6 Qa7 52. Be5+ Kg8 53. Nb6
Rd8 54. Nbc4 Nxd6 55. Nxd6 Nd7 56. Bd4 Rf8 57. Qe3 Bg4 58. Qh6 Bf6 59. Bc4+ 1-0

[Event "16. Copenhagen Open"]
[Site "Copenhagen"]
[Date "1994.??.??"]
[Round "3"]
[White "Mortensen, Erling"]
[Black "Emms, John"]
[Result "1/2-1/2"]
[WhiteElo "2470"]
[BlackElo "2525"]
[PlyCount "91"]
[EventDate "1994.??.??"]
[EventType "swiss"]
[EventRounds "10"]
[EventCountry "DEN"]
[SourceDate "2004.01.01"]

1. e4 c5 2. Nf3 e6 3. d3 d5 4. Nbd2 Nc6 5. g3 g6 6. Bg2 Bg7 7. O-O Nge7 8. Re1
b6 9. h4 h6 10. exd5 Nxd5 11. d4 cxd4 12. Nb3 Bb7 13. Nfxd4 Nde7 14. c3 O-O 15.
a4 Qc8 16. Be3 Rd8 17. Qe2 Nxd4 18. Bxd4 Bxg2 19. Kxg2 Qc6+ 20. Qf3 Qxf3+ 21.
Kxf3 Nc6 22. Bxg7 Kxg7 23. Ke2 f5 24. Red1 Kf6 25. a5 Rxd1 26. Kxd1 b5 27. Kc2
Rd8 28. a6 e5 29. Na5 Rc8 30. Nxc6 Rxc6 31. Kb3 e4 32. Kb4 g5 33. hxg5+ hxg5
34. b3 f4 35. gxf4 gxf4 36. c4 bxc4 37. bxc4 Kf5 38. c5 Rc8 39. Rh1 e3 40. fxe3
fxe3 41. Kb5 Rb8+ 42. Kc4 e2 43. Re1 Rb2 44. Kc3 Ra2 45. Kb3 Rd2 46. Kc3
1/2-1/2

[Event "16. Copenhagen Open"]
[Site "Copenhagen"]
[Date "1994.??.??"]
[Round "3"]
[White "Nordenbaek, Jan"]
[Black "Hedman, Erik"]
[Result "0-1"]
[WhiteElo "2160"]
[BlackElo "2285"]
[PlyCount "68"]
[EventDate "1994.??.??"]
[EventType "swiss"]
[EventRounds "10"]
[EventCountry "DEN"]
[SourceDate "2004.01.01"]

1. e4 c5 2. Nf3 d6 3. c3 Nf6 4. h3 Nbd7 5. Bd3 b6 6. Bc2 Ba6 7. d3 g6 8. O-O
Bg7 9. Re1 O-O 10. Nbd2 e5 11. Nf1 d5 12. exd5 Nxd5 13. Bg5 Qc7 14. Qd2 Rfe8
15. N3h2 Nf8 16. Ng4 h5 17. Nge3 Nf4 18. Bxf4 exf4 19. Nd5 Qd6 20. Bb3 g5 21.
Nh2 Bb7 22. c4 Ng6 23. Re4 f5 24. Rxe8+ Rxe8 25. Re1 Rxe1+ 26. Qxe1 Bc6 27. Bd1
g4 28. hxg4 hxg4 29. b4 Bd4 30. bxc5 bxc5 31. Kf1 Ne5 32. Ke2 Qe6 33. Kd2 Bxd5
34. cxd5 Nc4+ 0-1

[Event "16. Copenhagen Open"]
[Site "Copenhagen"]
[Date "1994.??.??"]
[Round "3"]
[White "Petersen, Nils"]
[Black "Pedersen, Bjarne"]
[Result "1/2-1/2"]
[WhiteElo "2005"]
[BlackElo "2250"]
[PlyCount "36"]
[EventDate "1994.??.??"]
[EventType "swiss"]
[EventRounds "10"]
[EventCountry "DEN"]
[SourceDate "2004.01.01"]

1. Nf3 g6 2. g3 Bg7 3. Bg2 d6 4. d4 Nd7 5. O-O e5 6. dxe5 dxe5 7. Nc3 Ne7 8. e4
O-O 9. Qe2 c6 10. Rd1 Qc7 11. Be3 b5 12. a3 a5 13. Qd2 f6 14. Qd6 Qxd6 15. Rxd6
Re8 16. Rad1 Nf8 17. Nh4 Be6 18. R6d2 a4 1/2-1/2

[Event "16. Copenhagen Open"]
[Site "Copenhagen"]
[Date "1994.??.??"]
[Round "3"]
[White "Petersen, Sren Boeck"]
[Black "Baburin, Alexander"]
[Result "0-1"]
[WhiteElo "2235"]
[BlackElo "2520"]
[PlyCount "78"]
[EventDate "1994.??.??"]
[EventType "swiss"]
[EventRounds "10"]
[EventCountry "DEN"]
[SourceDate "2004.01.01"]

1. e4 Nf6 2. e5 Nd5 3. d4 d6 4. Nf3 g6 5. Be2 Bg7 6. O-O O-O 7. c4 Nb6 8. Nc3
Nc6 9. exd6 cxd6 10. Be3 Bg4 11. b3 d5 12. c5 Nc8 13. Ne5 Nxe5 14. Bxg4 Nc6 15.
Bxc8 Rxc8 16. f4 b6 17. cxb6 Qxb6 18. Na4 Qa5 19. f5 Rfe8 20. Rc1 e6 21. f6 Bf8
22. Nc5 e5 23. Nd7 exd4 24. Bxd4 Ba3 25. b4 Qd8 26. Rxc6 Rxc6 27. Qd2 Kh8 28.
Qh6 Rg8 29. Ne5 Rc7 30. Rf3 Bc1 31. Be3 Bxe3+ 32. Qxe3 Qc8 33. Qh6 Rc1+ 34. Kf2
Rc2+ 35. Kf1 Qe6 36. Qg5 Rgc8 37. Re3 Qa6+ 38. Rd3 Kg8 39. Ke1 Qxa2 0-1

[Event "16. Copenhagen Open"]
[Site "Copenhagen"]
[Date "1994.??.??"]
[Round "3"]
[White "Pilgaard, Kim"]
[Black "Alkaersig, Ole"]
[Result "1-0"]
[WhiteElo "2280"]
[BlackElo "2190"]
[PlyCount "61"]
[EventDate "1994.??.??"]
[EventType "swiss"]
[EventRounds "10"]
[EventCountry "DEN"]
[SourceDate "2004.01.01"]

1. e4 e5 2. Nf3 d6 3. d4 exd4 4. Nxd4 g6 5. Nc3 Bg7 6. Be3 Nf6 7. Qd2 O-O 8.
O-O-O Re8 9. f3 Nc6 10. g4 Ne5 11. Be2 a6 12. Bh6 Bh8 13. Bg5 b5 14. h4 Bb7 15.
h5 c5 16. Nb3 c4 17. Nd4 b4 18. Nd5 Bxd5 19. exd5 Qa5 20. Kb1 Nxd5 21. hxg6
hxg6 22. Rxh8+ Kxh8 23. Bf6+ Nxf6 24. Qh6+ Kg8 25. Rh1 Nh7 26. Qxh7+ Kf8 27. f4
Qd5 28. fxe5 Qxd4 29. Qh8+ Ke7 30. Qf6+ Kd7 31. e6+ 1-0

[Event "16. Copenhagen Open"]
[Site "Copenhagen"]
[Date "1994.??.??"]
[Round "3"]
[White "Preuss, Flemming"]
[Black "Sinkbk, Aage"]
[Result "0-1"]
[WhiteElo "2020"]
[BlackElo "2220"]
[PlyCount "126"]
[EventDate "1994.??.??"]
[EventType "swiss"]
[EventRounds "10"]
[EventCountry "DEN"]
[SourceDate "2004.01.01"]

1. f4 Nf6 2. Nf3 g6 3. g3 Bg7 4. Bg2 O-O 5. O-O d5 6. d3 d4 7. e4 dxe3 8. c3 c6
9. Bxe3 Ng4 10. Qe2 Bf5 11. Rd1 Na6 12. Na3 Nxe3 13. Qxe3 Nc7 14. Nc4 Nd5 15.
Qd2 Qc7 16. d4 Rad8 17. Nce5 c5 18. Qe2 cxd4 19. Nxd4 Bc8 20. Kh1 Nf6 21. Re1
a6 22. Rad1 e6 23. Rd2 Nd5 24. h3 Ne7 25. g4 Nd5 26. Qe4 f5 27. gxf5 exf5 28.
Qf3 Nf6 29. Rde2 Ne4 30. Qd3 Bxe5 31. fxe5 Qxe5 32. Bxe4 fxe4 33. Rxe4 Qd5 34.
c4 Qh5 35. R4e3 Qh4 36. Re4 Qxh3+ 37. Qxh3 Bxh3 38. Kh2 Bf5 39. Rf4 Rde8 40.
Rxe8 Rxe8 41. Nxf5 gxf5 42. Rf2 Kg7 43. c5 Kf6 44. Kg3 Kg5 45. Kf3 Re4 46. Rc2
a5 47. c6 bxc6 48. Rxc6 Rb4 49. Rc2 h5 50. b3 a4 51. Rg2+ Kf6 52. bxa4 Rxa4 53.
Rb2 Kg5 54. Rg2+ Rg4 55. Rb2 h4 56. Rb8 Rg3+ 57. Kf2 Ra3 58. Rb2 Kg4 59. Kg2 f4
60. Kh2 Ra4 61. Kg2 h3+ 62. Kf2 Rc4 63. a3 Rc1 0-1

[Event "16. Copenhagen Open"]
[Site "Copenhagen"]
[Date "1994.??.??"]
[Round "3"]
[White "Roder, Peter"]
[Black "Arkell, Keith"]
[Result "0-1"]
[WhiteElo "2205"]
[BlackElo "2500"]
[PlyCount "74"]
[EventDate "1994.??.??"]
[EventType "swiss"]
[EventRounds "10"]
[EventCountry "DEN"]
[SourceDate "2004.01.01"]

1. e4 c6 2. d4 d5 3. Nc3 dxe4 4. Nxe4 Nd7 5. Nf3 Ngf6 6. Ng3 c5 7. Be2 cxd4 8.
Nxd4 g6 9. O-O Bg7 10. c3 O-O 11. f4 e6 12. Bf3 a6 13. Kh1 Qc7 14. Nge2 Re8 15.
Qc2 Rb8 16. Be3 Nb6 17. Bf2 Nbd5 18. c4 Ne7 19. Rad1 b6 20. b4 Bb7 21. a4 Bxf3
22. Nxf3 b5 23. Bc5 Nf5 24. Ne5 Bf8 25. Bxf8 Rxf8 26. Qb3 bxa4 27. Qa3 Qb7 28.
Rb1 Rfd8 29. c5 Rd2 30. c6 Qa7 31. Nc3 Ne3 32. Rg1 Neg4 33. h3 Nf2+ 34. Kh2 Qe3
35. Rge1 Qxf4+ 36. Kg1 Nxh3+ 37. Kh1 Nf2+ 0-1

[Event "16. Copenhagen Open"]
[Site "Copenhagen"]
[Date "1994.??.??"]
[Round "3"]
[White "Schreiber, Edwin"]
[Black "Strange, Mikkel"]
[Result "1/2-1/2"]
[WhiteElo "2025"]
[BlackElo "2155"]
[PlyCount "98"]
[EventDate "1994.??.??"]
[EventType "swiss"]
[EventRounds "10"]
[EventCountry "DEN"]
[SourceDate "2004.01.01"]

1. e4 e5 2. Nf3 Nf6 3. Nxe5 d6 4. Nf3 Nxe4 5. d4 d5 6. Bd3 Nc6 7. O-O Bg4 8.
Re1 Be7 9. Bxe4 dxe4 10. Rxe4 Bxf3 11. Qxf3 Nxd4 12. Qd1 Ne6 13. Qe2 O-O 14.
Be3 Bf6 15. Nc3 c6 16. Rd1 Qc7 17. Rc4 Bxc3 18. Rxc3 Rfd8 19. Rcd3 Rxd3 20.
Rxd3 Rd8 21. a3 a6 22. Qd2 Rxd3 23. Qxd3 g6 24. h3 f6 25. c4 Kf7 26. b4 Qd8 27.
Qb3 Qd6 28. b5 axb5 29. cxb5 Qd5 30. Qxd5 cxd5 31. Bb6 Ke7 32. a4 Kd6 33. a5
Nc7 34. Bxc7+ Kxc7 35. Kf1 Kd6 36. a6 bxa6 37. bxa6 Kc6 38. Ke2 Kb6 39. Kd3
Kxa6 40. Kd4 Kb5 41. Kxd5 f5 42. g4 fxg4 43. hxg4 h5 44. gxh5 gxh5 45. f4 h4
46. Ke4 Kc5 47. Kf3 Kd5 48. Kg4 Ke4 49. f5 h3 1/2-1/2

[Event "16. Copenhagen Open"]
[Site "Copenhagen"]
[Date "1994.??.??"]
[Round "3"]
[White "Steinbacher, Matthias"]
[Black "Neverov, Valery"]
[Result "0-1"]
[WhiteElo "2390"]
[BlackElo "2530"]
[PlyCount "72"]
[EventDate "1994.??.??"]
[EventType "swiss"]
[EventRounds "10"]
[EventCountry "DEN"]
[SourceDate "2004.01.01"]

1. Nf3 d5 2. d4 Nf6 3. c4 c6 4. Nc3 e6 5. g3 dxc4 6. Bg2 b5 7. O-O Bb7 8. Bg5
Be7 9. e4 h6 10. Bxf6 Bxf6 11. Qc2 O-O 12. Nxb5 cxb5 13. e5 Be7 14. Ng5 hxg5
15. Bxb7 Na6 16. Bxa8 Nb4 17. Qe4 Qxa8 18. Qxa8 Rxa8 19. a4 Nc2 20. Rad1 b4 21.
d5 Bc5 22. dxe6 fxe6 23. Rd7 Rc8 24. Rfd1 c3 25. bxc3 bxc3 26. Rd8+ Rxd8 27.
Rxd8+ Kh7 28. Rc8 Bd4 29. Kf1 Nb4 30. f4 gxf4 31. gxf4 Kg6 32. Ke2 c2 33. h4
Bb2 34. h5+ Kf5 35. Kf3 Bxe5 36. fxe5 Nd3 0-1

[Event "16. Copenhagen Open"]
[Site "Copenhagen"]
[Date "1994.??.??"]
[Round "3"]
[White "Varberg, Kenneth"]
[Black "Isaksen, Brian"]
[Result "0-1"]
[WhiteElo "2260"]
[BlackElo "2245"]
[PlyCount "88"]
[EventDate "1994.??.??"]
[EventType "swiss"]
[EventRounds "10"]
[EventCountry "DEN"]
[SourceDate "2004.01.01"]

1. c4 Nf6 2. Nc3 g6 3. g3 Bg7 4. Bg2 O-O 5. e4 d6 6. Nge2 e5 7. O-O c6 8. d3 a6
9. b3 b5 10. a4 b4 11. Nb1 a5 12. Ra2 Na6 13. d4 Qc7 14. Bb2 Re8 15. f3 exd4
16. Bxd4 Nc5 17. Nf4 Nfd7 18. Bxg7 Kxg7 19. Rd2 Ne5 20. Nh3 f6 21. Nf2 Nf7 22.
Nd3 Qb6 23. Kh1 Ra7 24. Re2 Rae7 25. Rfe1 Nxd3 26. Qxd3 d5 27. exd5 Rxe2 28.
Rxe2 Bf5 29. Qd1 Rxe2 30. Qxe2 Bxb1 31. f4 cxd5 32. Bxd5 Qd6 33. Qe8 Qf8 34.
Qd7 Bf5 35. Qb7 Qe8 36. h4 Be6 37. Bf3 Qd7 38. Qb6 Qd3 39. Bg2 Bf5 40. Qxa5 Be4
41. Bxe4 Qxe4+ 42. Kh2 Qc2+ 43. Kh3 Qxb3 44. c5 Qe6+ 0-1

[Event "16. Copenhagen Open"]
[Site "Copenhagen"]
[Date "1994.??.??"]
[Round "4"]
[White "Aagaard, Jacob"]
[Black "Brinck Claussen, Bjorn"]
[Result "1/2-1/2"]
[WhiteElo "2260"]
[BlackElo "2350"]
[PlyCount "41"]
[EventDate "1994.??.??"]
[EventType "swiss"]
[EventRounds "10"]
[EventCountry "DEN"]
[SourceDate "2004.01.01"]

1. d4 Nf6 2. Nf3 e6 3. Bg5 b6 4. e3 Bb7 5. Bd3 h6 6. Bh4 c5 7. O-O Be7 8. Nbd2
cxd4 9. exd4 O-O 10. c3 d6 11. Re1 Nbd7 12. Nf1 a6 13. a4 Re8 14. h3 Nh5 15.
Bxe7 Qxe7 16. Ne3 Nf4 17. Bf1 Nf6 18. g3 Ng6 19. Bg2 Qc7 20. Qd3 Be4 21. Qe2
1/2-1/2

[Event "16. Copenhagen Open"]
[Site "Copenhagen"]
[Date "1994.??.??"]
[Round "4"]
[White "Alkaersig, Ole"]
[Black "Petersen, Sren Boeck"]
[Result "1-0"]
[WhiteElo "2190"]
[BlackElo "2235"]
[PlyCount "71"]
[EventDate "1994.??.??"]
[EventType "swiss"]
[EventRounds "10"]
[EventCountry "DEN"]
[SourceDate "2004.01.01"]

1. e4 e6 2. d4 d5 3. e5 c5 4. c3 Nc6 5. Nf3 Qb6 6. a3 c4 7. Nbd2 Na5 8. Be2 Bd7
9. O-O h6 10. a4 Ne7 11. Ne1 O-O-O 12. b4 cxb3 13. Nd3 Nf5 14. Ba3 Bxa3 15.
Rxa3 Nc4 16. Nxc4 dxc4 17. Nb2 Bc6 18. Nxc4 Qc7 19. Qxb3 h5 20. Bd3 Rh6 21.
Bxf5 exf5 22. Nd6+ Rdxd6 23. exd6 Qxd6 24. Raa1 Rg6 25. f3 Qf4 26. Qc2 h4 27.
Qf2 Qg5 28. h3 Qf4 29. c4 Rg3 30. d5 Bd7 31. Ra2 Kb8 32. c5 Qc4 33. c6 bxc6 34.
Rb2+ Kc7 35. Qxa7+ Kd8 36. d6 1-0

[Event "16. Copenhagen Open"]
[Site "Copenhagen"]
[Date "1994.??.??"]
[Round "4"]
[White "Baburin, Alexander"]
[Black "Isaksen, Brian"]
[Result "1-0"]
[WhiteElo "2520"]
[BlackElo "2245"]
[PlyCount "57"]
[EventDate "1994.??.??"]
[EventType "swiss"]
[EventRounds "10"]
[EventCountry "DEN"]
[SourceDate "2004.01.01"]

1. d4 Nf6 2. c4 e6 3. Nc3 c5 4. d5 exd5 5. cxd5 d6 6. Nf3 g6 7. e4 a6 8. a4 Bg4
9. Be2 Bxf3 10. Bxf3 Bg7 11. Bf4 O-O 12. O-O Qe7 13. Re1 Nbd7 14. a5 Rfe8 15.
Qc2 Rab8 16. Ra4 b5 17. axb6 Nxb6 18. Rxa6 Nfxd5 19. Nxd5 Nxd5 20. Bxd6 Nb4 21.
Qa4 Qe6 22. Bxb8 Nxa6 23. Bg4 f5 24. Be2 Kh8 25. Bc4 Qc8 26. Bd6 Nb8 27. Bb5
Rxe4 28. Rxe4 fxe4 29. Qa8 1-0

[Event "16. Copenhagen Open"]
[Site "Copenhagen"]
[Date "1994.??.??"]
[Round "4"]
[White "Bator, Robert"]
[Black "Mortensen, Erling"]
[Result "1/2-1/2"]
[WhiteElo "2410"]
[BlackElo "2470"]
[PlyCount "82"]
[EventDate "1994.??.??"]
[EventType "swiss"]
[EventRounds "10"]
[EventCountry "DEN"]
[SourceDate "2004.01.01"]

1. d4 Nf6 2. g3 d5 3. Bg2 c5 4. Nf3 cxd4 5. O-O g6 6. Nxd4 Bg7 7. c4 dxc4 8.
Na3 c3 9. bxc3 O-O 10. Rb1 Nbd7 11. Qc2 a6 12. Bxb7 Bxb7 13. Rxb7 Qc8 14. Rb4
Ne5 15. f4 Neg4 16. Rc4 Qd7 17. h3 Nh6 18. Kh2 Nf5 19. Qa4 Qxa4 20. Rxa4 Rfc8
21. Nc4 Nd5 22. Nxf5 gxf5 23. Ra5 Rxc4 24. Rxd5 e6 25. Rd3 Bxc3 26. Rfd1 Bf6
27. Be3 Ra4 28. R1d2 Rc8 29. Kg2 h5 30. Kf3 Rc3 31. Rxc3 Bxc3 32. Rc2 Bf6 33.
Bc5 Kg7 34. e3 Kg8 35. a3 Bg7 36. Bb4 a5 37. Rc8+ Kh7 38. Ra8 Bb2 39. Bd6 Kg7
40. Bc7 Rxa3 41. Rxa5 Rxa5 1/2-1/2

[Event "16. Copenhagen Open"]
[Site "Copenhagen"]
[Date "1994.??.??"]
[Round "4"]
[White "Berg, Klaus"]
[Black "Harestad, Hans"]
[Result "1-0"]
[WhiteElo "2440"]
[BlackElo "1990"]
[PlyCount "115"]
[EventDate "1994.??.??"]
[EventType "swiss"]
[EventRounds "10"]
[EventCountry "DEN"]
[SourceDate "2004.01.01"]

1. c4 Nf6 2. Nc3 g6 3. e4 d6 4. d4 Bg7 5. f3 O-O 6. Bg5 Nbd7 7. Qd2 c5 8. d5 a6
9. a4 Qa5 10. Ra3 Qb4 11. Qc2 Qa5 12. Nh3 e5 13. g4 h6 14. Bd2 Qc7 15. Nf2 Kh7
16. h4 Ng8 17. Bd3 Rb8 18. Ke2 Qd8 19. a5 b6 20. Rb3 Qc7 21. Na4 b5 22. cxb5 c4
23. Qxc4 Qxc4 24. Bxc4 axb5 25. Bxb5 Rxb5 26. Rxb5 Ba6 27. Nc3 Rb8 28. Nd3 Bxb5
29. Nxb5 Rxb5 30. a6 Rb8 31. Rc1 Ra8 32. Rc7 Nc5 33. a7 Nb3 34. Nb4 Nd4+ 35.
Kd3 Nb5 36. Rxf7 Rxa7 37. Rxa7 Nxa7 38. Nc6 Nc8 39. b4 Nf6 40. Kc4 Ne8 41. Kb5
Nc7+ 42. Ka5 Kg8 43. b5 Na8 44. Be3 Kf7 45. Nd8+ Ke8 46. Ne6 Bf6 47. h5 gxh5
48. gxh5 Kd7 49. Bxh6 Nab6 50. Ka6 Nc4 51. Bg5 Ke7 52. h6 Bxg5 53. Nxg5 Kf6 54.
h7 Kg7 55. Kb7 N8b6 56. Kc7 Na8+ 57. Kc6 Nab6 58. Nf7 1-0